02072 a2200217 45000010006000000050017000060080041000230030015000640400040000790800140001192450045002590200018003042640034003223000026003565051298003820410008016801000020016887000019017087000028017278560099017554981720260407155759.0260407a1995 arg spa dAR-UNSa-BCEJYS aAR-UNSa-BCEJYSbspacAR-UNSa-BCEJYS a504.03xAspectos sociales y socioeconómicos del impacto del hombre sobre el medio ambiente. Ecología social ( Economía ambiental)10aEconomía ambientalpuna introducción a958-600-419-8 1aBogotá :bMcGraw-Hillc1995 axviii, 587 p.c23 cm. aSECCIÓN I: Introductoria: ¿Qué es la economía ambiental? - 2. La economía del ambiente - SECCIÓN II: Herramientas analíticas: 3. Beneficios y costos, oferta y demanda - 4. Eficiencia económica y mercados - 5. La economía de la calidad ambiental - SECCIÓN III: Análisis ambiental: 6. Marco conceptual de análisis - 7. Análisis de costo-beneficio: Beneficios - 8. Análisis de Costo-Beneficio: Costos - SECCIÓN IV: Análisis de la política ambiental: 9. Criterios para evaluar las políticas ambientales - 10. Políticas descentralizadas - 11. Estrategias de regulación directa y control: El caso de los estándares - 12. Estrategias basadas en incentivos: Impuestos y subsidios a las emisiones - 13. Estrategias basadas en incentivos: Permisos negociables de descargas - SECCIÓN V: La política ambiental en EEUU: 14. Política federal para el control de la contaminación de aguas - 15. Política federal para el control de la contaminación del aire - 16. Política federal sobre sustancias tóxicas y peligrosas - 17. Asuntos ambientales a escala estatal y local - SECCIÓN VI: Asuntos ambientales en otros países industrializados - 19. Desarrollo económico y el ambiente - 20. El ambiente global - 21. Acuerdos ambientales internacionales.  aspa1 aField, Barry C.1 aCano, Leonardo1 aCárdenas, Juan Camilo41uhttps://www.biblioeco.unsa.edu.ar/pmb/images/libros/L128191.jpgyImagen de portadaqimage/jpeg